Short and sweet : Sophisticated dessert in no time at all
Αποθηκεύτηκε σε:
| Κύριος συγγραφέας: | |
|---|---|
| Μορφή: | Βιβλίο |
| Γλώσσα: | Undetermined |
| Έκδοση: |
Boston
Houghton Mifflin Company
1999
|
| Θέματα: | |
| Ετικέτες: |
Προσθήκη ετικέτας
Δεν υπάρχουν, Καταχωρήστε ετικέτα πρώτοι!
|
| Thư viện lưu trữ: | Trung tâm Học liệu Trường Đại học Cần Thơ |
|---|
| LEADER | 00547nam a2200193Ia 4500 | ||
|---|---|---|---|
| 001 | CTU_109855 | ||
| 008 | 210402s9999 xx 000 0 und d | ||
| 082 | |a 641.86 | ||
| 082 | |b B259 | ||
| 100 | |a Barnard, Melanie | ||
| 245 | 0 | |a Short and sweet : | |
| 245 | 0 | |b Sophisticated dessert in no time at all | |
| 245 | 0 | |c Melanie Barnard | |
| 260 | |a Boston | ||
| 260 | |b Houghton Mifflin Company | ||
| 260 | |c 1999 | ||
| 650 | |a Desserts,Quick and easy cookey | ||
| 904 | |i Giang, Q. Hieu | ||
| 980 | |a Trung tâm Học liệu Trường Đại học Cần Thơ | ||